000 00942nam a22001937a 4500
005 20250121114751.0
010 _aHIN-129305
020 _a9789395911108
_c425.00
035 _aHN-101651
037 _bDBAD
082 _a921
100 _aत्रिपाठी, श्रीप्रकाश मणि
_976799
245 _aसरदार वल्लभभाई पटेल:
_cव्यक्तित्व एवं कृतित्व/
_bश्रीप्रकाश मणि त्रिपाठी
250 _aप्रथम
260 _aदिल्ली
_bअंकित पब्लिकेशन्स
_c2023
270 _aआर-69, तीसरा तल, माडल टाउन
_bदिल्ली
_e110009
_k011-23250939
_k9811010939
_mankitpublications@gmaill.com
300 _a136 पृ.
_c22 सेमी (सजिल्द )
942 _2ddc
_cHN
_h921
_mत्रिपाठी
999 _c208636
_d208636